Remettez l'alphabet dans les noms de pays - Statistiques

Statistiques générales
  • Ce quiz a été pris 461 fois
  • Le résultat moyen est 17 sur 26
Statistiques - réponses
Hint Réponse % Correct
Olombie C
80%
Alanie B
78%
Ndorre A
77%
Meique X
76%
Afghanstan I
75%
Bangadesh L
74%
Atar Q
74%
Souan D
73%
Uraine K
73%
Ide N
72%
Seychells E
68%
Fidi J
68%
Botwana S
68%
Too G
67%
Siera Leone R
67%
Kazakstan H
65%
Libe Y
65%
Oan M
61%
São Omé-&-Príncipe T
58%
Antiga-et-Barbuda U
58%
Philipines P
57%
Anuatu V
57%
Inlande F
56%
Sama O
55%
Malai W
47%
Bréil Z
23%
Aucun quiz correspondant
Distribution des résultats
% des personnes avec chaque résultat
Percentile par nombre de réponses
Votre historique - résultats
Vous n’avez pas pris ce quiz